000 00598nam a2200181Ia 4500
008 100917s9999 xx 000 0 und d
082 _b12132
100 _aसिनकर श्रीकांत
245 _aगुन्हेगारांच्या किमया
260 _bप्रिया प्रकाशन
_c1973
300 _a207
365 _b10
520 _aकथा
630 _aगुन्हेगारांच्या किमया
650 _aकथा
730 _aगुन्हेगारांच्या किमया
942 _cBOOK
999 _c617526
_d617523